{"text_format":"3","workbook":"xls","n_sheets":5,"sheets":["总价","FDB单十八低音配置","FDB双十五配置","JBL MRX系列配置","JBL MRX系列配置2"],"not_rendered":{"charts":1,"images":35,"external_links":2,"defined_names":1},"read":"whole","date_system":"1900","formulas":"cached_only"}

{"sheet":"总价","index":0,"n_rows":23,"n_cols":8,"rows_kept":23,"merged":[[0,0,0,10],[2,7,2,10],[3,2,3,5],[4,2,4,5],[5,2,5,5],[6,2,6,5],[7,2,7,5],[8,2,8,5],[9,2,9,5],[10,2,10,5],[11,2,11,5],[12,0,12,10],[13,0,13,10],[14,0,14,10],[15,0,15,10],[16,0,16,10],[17,0,17,10],[18,5,18,8],[20,5,20,7]],"flags":["formulas_cached_only"]}
["襄樊单位演出音响"]
["呈送",{"$nulls":6},"日期：2015.4.6"]
["计划","上海雍阳电子科技有限公司",{"$nulls":3},"联系人：陈茂 13127675006"]
["NO.","ENGINEERING ITEM","AMOUNT"]
["序号","工 程 项 目","金 额"]
["1","方案一",{"v":48970,"d":"￥48,970.00"}]
["2","方案二",{"v":49884,"d":"￥49,884.00"}]
["3","方案三",{"v":66985,"d":"￥66,985.00"}]
[4,"安装调试费",{"v":0,"d":"￥0.00"}]
["5","运费","到付"]
[6,"增值税9%",{"v":0,"d":"￥0.00"}]
["7","总计",{"v":0,"d":"￥0.00"}]
["承诺：本公司所售设备为100%正品行货，三包齐全。客户收到货后如与合同要求的型号规格不同或非原装正品，可以立即无条件退货，来回运费由乙方承担"]
["一、付款方式：合同签订后付清全款发货。"]
["二、质保：质保期1年，质保期内甲方只要付来回运费即可，其余零配件费用由乙方负责，终身维护，质保期之后乙方只收取零配件成本费，来回运费由甲方承担。"]
["三、货期：付清全款后3天内发货，运输时间为3-4天。运费乙方支付。\n发货点：本公司物流仓库有三个点：广东，上海，大部分主设备由广东发出，进口商品多数由上海发出，河北仓库负责北方地区的部分物流。                                                                                         "]
["四、安装调试：乙方负责音响设备的供货。"]
["五、收货地址：                            收货人：                           联系电话："]
["甲方：",{"$nulls":4},"乙方：上海雍阳电子科技有限公司"]
["联系电话：",{"$nulls":4},"联系电话：13127675006"]
["联系人：",{"$nulls":4},"联系人：陈茂"]
["法人或受权人签字盖章：",{"$nulls":4},"法人或受权人签字盖章："]
["日期   年    月   日",{"$nulls":4},"日期：2015 年 4 月 6 日"]

{"sheet":"FDB单十八低音配置","index":1,"n_rows":20,"n_cols":11,"rows_kept":20,"merged":[[0,0,0,1],[0,2,0,3],[0,5,0,6],[1,0,1,10],[3,0,3,9]],"flags":["formulas_cached_only"]}
["环球音响网",null,"www.pro001.com",null,"上海雍阳电子科技有限公司","021-60529679",null,null,"联系人：","陈茂"]
["襄樊单位演出音响"]
["序号","设备名称","品牌","型号","技术参数","单位","数量","单价","小计","类似图","备注"]
["一、音响系统"]
[1,"15寸两分音全频专业音箱 ","FDB","PR15","频率响应   40Hz-18kHz\n单元组成   1×15\"(385mm)/3\" voice coil LF\n1×1\"(25mm)/1.7\" voice coil HF\n额定功率   400W RMS,1600W peak\n灵敏度   98dB 1watt/1 metre\n声压级   124dB continuous,130dB peak\n额定阻抗   8 ohms nominal\n指向性   80°x 50°\n分频点   2.2kHz passive\n输入方式   2×Speakon NL4\n包装尺寸   560mm×525mm×800mm\n净重   29.4 kg/pc","只",2,2780,5560]
[2,"12寸返听音响","FDB","PR12","频率响应   50Hz-18kHz\n单元组成   1×12\"(300mm)/3\" voice coil LF\n1×1\"(25mm)/1.7\" voice coil HF\n额定功率   300W RMS,1200W peak\n灵敏度   97dB 1watt/1 metre\n声压级   122dB continuous,128 dB peak\n额定阻抗   8 ohms nominal\n指向性   80°x 50°\n分频点   2kHz passive\n输入方式   2×Speakon NL4\n包装尺寸   480mm×465mm×725mm\n净重   20 kg/pc","只",2,1970,3940]
[3,"单18寸带通超低音箱 ","FDB","PR118B","频率响应   35Hz-150Hz\n单元组成   1×18＂(460mm)/4＂voice coil LF\n额定功率   600W RMS,2400W peak\n灵敏度   100dB 1watt/1 metre\n声压级   128dB continuous,134 dB peak\n额定阻抗   8 ohms nominal\n输入方式   2×Speakon NL4\n包装尺寸   835mm×645mm×750mm\n净重   49.6 kg/pc","只",2,2980,5960]
[4," 主音箱功放","天工","LA600","输出功率 立体声8Ω+8Ω：2×600W，输出功率立体4Ω+4Ω：2×900W输出功率 桥接方式8Ω：1800W 频率响应：20Hz－20kHz阻抗：20KΩ，输入灵敏度：0.775V，1.0V,1.55V ，信噪比：>105dB，阻尼系数（8Ω）：>300，供电电源：220V/AC/50Hz，","台",1,1900,1900]
[5,"返听功放","天工","LA400","输出功率 立体声8Ω+8Ω：2×800W，输出功率立体4Ω+4Ω：2×1100W输出功率 桥接方式8Ω：2000W 频率响应：20Hz－20kHz阻抗：20KΩ，输入灵敏度：0.775V，1.0V,1.55V ，信噪比：>105dB，阻尼系数（8Ω）：>300，供电电源：220V/AC/50Hz，","台",1,1650,1650]
[6,"低音音箱功放","天工","LA800","输出功率 立体声8Ω+8Ω：2×800W，输出功率立体4Ω+4Ω：2×1100W输出功率 桥接方式8Ω：2000W 频率响应：20Hz－20kHz阻抗：20KΩ，输入灵敏度：0.775V，1.0V,1.55V ，信噪比：>105dB，阻尼系数（8Ω）：>300，供电电源：220V/AC/50Hz，","台",1,2250,2250]
[7,"数字调音台","YAMAHA","01V96i","16进16出现场录音调音台","台",1,13445,13445]
[8,"处理器","DBX","DriveRack PA+ ","2*6数字控制和信号处理器(可配合RTA-M测试话筒作现场粉红噪声实时频谱分析)","台",1,3335,3335]
[9,"效果器","YAMAHA","REV100","双通道专业数码混响器,内置99种预制效果","台",1,1580,1580]
[10,"一拖二手持","KDLK","BS-T4","接收机 RECEIVER\n接收频率Frequency Ranges：UHF600-900MHz\n频率稳定度Frequency Stability：±0.002%（用优于15ppm石英晶体锁定）\n灵敏度Sensitivity（peak deviation）：10μV\n鄰道幹擾比F/N Ratio：>8odB\n鏡像干擾比P/N Ratio：>80dB\n信噪比S/N Ratio：>90dB\n扩展比Dilation Ratio：1：2\n音频输出AF Output Voltage（at peak deviation 1kHz AF out）：可调0 ~ 300mV\n接收频道Channels：2路 \n输出接口 Output jack：6.3不平衡混合口 \n电源电压Power Supply：DC 13V-500mA(50Hz\n功耗Power Supply：6W\n天线Antenna：外置天线\n动能范围Dynamic frequency range：>100dB\n综合失真T.H.D：<0.5%\n工作温度Temperature Range：-10℃ ~ 50℃\n\n发射机 TRANSMITTER\n发射频率Frequency Ranges： UHF600-900MHz\n频率稳定度Frequency Stability：0.002%（用优于15ppm石英晶体锁定）\n发射功率 RF Power：30mW\n电流损耗 Cuttent Consumption：< 主波40dB\n制式Modulation Mode：调频FM\n调偏度Deviation Range：±20KHz\n压缩比Compress Ratio：2.1\n拾音器Microphone Head：超心型动圈式\n电池Battery Type：两节5号1.5V碱性电池\n天线 Anternna：外置式 Exterior Antenna\n频率响应 Frequency Response：50Hz ~ 15KHz\n有效距离Receiver distance：50米（理想环境下）","套",2,1850,3700]
[11,"一拖二头戴","KDLK","BN-T6","接收机 RECEIVER\n接收频率Frequency Ranges：UHF500-960MHz\n频率稳定度Frequency Stability：±0.002%（用优于15ppm石英晶体锁定）\n灵敏度Sensitivity（peak deviation）：10μV\n鄰道幹擾比F/N Ratio：>8odB\n鏡像干擾比P/N Ratio：>80dB\n信噪比S/N Ratio：>90dB\n扩展比Dilation Ratio：1：2\n音频输出AF Output Voltage（at peak deviation 1kHz AF out）：可调0 ~ 300mV\n接收频道Channels：2路 \n输出接口 Output jack：6.3不平衡混合口 \n电源电压Power Supply：DC 13V-500mA(50Hz\n功耗Power Supply：6W\n天线Antenna：外置天线\n动能范围Dynamic frequency range：>100dB\n综合失真T.H.D：<0.5%\n工作温度Temperature Range：-10℃ ~ 50℃\n\n发射机 TRANSMITTER\n发射频率Frequency Ranges： UHF500-960MHz\n频率稳定度Frequency Stability：0.002%（用优于15ppm石英晶体锁定）\n发射功率 RF Power：30mW\n电流损耗 Cuttent Consumption：< 主波40dB\n制式Modulation Mode：调频FM\n调偏度Deviation Range：±20KHz\n压缩比Compress Ratio：2.1\n拾音器Microphone Head：超心型电容式\n电池Battery Type：两节5号1.5V碱性电池\n天线 Anternna：外置式 Exterior Antenna\n频率响应 Frequency Response：50Hz ~ 15KHz\n有效距离Receiver distance：50米（理想环境下）\n\n由于产品在不断改良中，以上参数可能更改，恕不另行通知。\n上述产品图片可能与实物稍有差异，应以实物为准。","套",2,1850,3700]
[12,"辅材",null,null,"音箱头、莲花线、莲花转3.5等","批",1,200,200]
[13,"音箱线","高强信",null,"2.0平方","米",200,4,800]
[14,"航空机柜",null,null,"16U","台",1,950,950]
[15,{"$nulls":7},48970]
[null,"以上价格不含税不含运费"]

{"sheet":"FDB双十五配置","index":2,"n_rows":19,"n_cols":11,"rows_kept":19,"merged":[[0,0,0,1],[0,2,0,3],[0,5,0,6],[1,0,1,10],[3,0,3,9]],"flags":["formulas_cached_only"]}
["环球音响网",null,"www.pro001.com",null,"上海雍阳电子科技有限公司","021-60529679",null,null,"联系人：","陈茂"]
["襄樊单位演出音响"]
["序号","设备名称","品牌","型号","技术参数","单位","数量","单价","小计","类似图","备注"]
["一、音响系统"]
[1,"双十五全频专业音箱 ","FDB","QS215","频率响应   40Hz-18kHz\n单元组成   2×15＂(385mm)/3＂voice coil LF\n1×2＂(50mm)/3＂voice coil HF\n额定功率   800W RMS,3200W peak\n灵敏度   101dB 1watt/1 metre\n声压级   130dB continuous,136 dB peak\n额定阻抗   4 ohms nominal\n指向性   90°×50°\n分频点   1.5kHz passive\n输入方式   2×Speakon NL4\n包装尺寸   760mm×650mm×1185mm\n净重   59.2 kg/pc","只",2,4680,9360]
[2,"12寸同轴返听音响","FDB","MR12","频率响应   45Hz-18kHz\n单元组成   1×12＂(300mm)/3＂voice coil LF\n1×1＂(25mm) /1.7＂voice coil HF\n额定功率   300W RMS,1200W peak\n灵敏度   97dB 1watt/1 metre\n声压级   122dB continuous,128 dB peak\n额定阻抗   8 ohms nominal\n指向性   90°\n分频点   2.2kHz passive\n输入方式   2×Speakon NL4\n包装尺寸   540mm×465mm×620mm\n净重   19 kg/pc","只",2,2080,4160]
[3," 主音箱功放","天工","LA1200","输出功率 立体声8Ω+8Ω：2×1000W，输出功率立体4Ω+4Ω：2×1500W输出功率 桥接方式8Ω：3000W 频率响应：20Hz－20kHz阻抗：20KΩ，输入灵敏度：0.775V，信噪比：>106dB，阻尼系数（8Ω）：>300，供电电源：220V/AC/50Hz，","台",1,3450,3450]
[4,"返听功放","天工","LA400","输出功率 立体声8Ω+8Ω：2×800W，输出功率立体4Ω+4Ω：2×1100W输出功率 桥接方式8Ω：2000W 频率响应：20Hz－20kHz阻抗：20KΩ，输入灵敏度：0.775V，1.0V,1.55V ，信噪比：>105dB，阻尼系数（8Ω）：>300，供电电源：220V/AC/50Hz，","台",1,1650,1650]
[5,"数字调音台","YAMAHA","01V96i","16进16出现场录音调音台","台",1,13445,13445]
[6,"处理器","DBX","DriveRack PA+ ","2*6数字控制和信号处理器(可配合RTA-M测试话筒作现场粉红噪声实时频谱分析)","台",1,3335,3335]
[7,"效果器","YAMAHA","REV100","双通道专业数码混响器,内置99种预制效果","台",1,1580,1580]
[8,"一拖一手持话筒","SHURE","BLX24/SM58","配有SM58心形话筒手持式无线发射机的BLX无线系统,不想为演出过度操心的表演者必备的完美系统","套",2,2702,5404]
[9,"一拖二手持","KDLK","BS-T4","接收机 RECEIVER\n接收频率Frequency Ranges：UHF600-900MHz\n频率稳定度Frequency Stability：±0.002%（用优于15ppm石英晶体锁定）\n灵敏度Sensitivity（peak deviation）：10μV\n鄰道幹擾比F/N Ratio：>8odB\n鏡像干擾比P/N Ratio：>80dB\n信噪比S/N Ratio：>90dB\n扩展比Dilation Ratio：1：2\n音频输出AF Output Voltage（at peak deviation 1kHz AF out）：可调0 ~ 300mV\n接收频道Channels：2路 \n输出接口 Output jack：6.3不平衡混合口 \n电源电压Power Supply：DC 13V-500mA(50Hz\n功耗Power Supply：6W\n天线Antenna：外置天线\n动能范围Dynamic frequency range：>100dB\n综合失真T.H.D：<0.5%\n工作温度Temperature Range：-10℃ ~ 50℃\n\n发射机 TRANSMITTER\n发射频率Frequency Ranges： UHF600-900MHz\n频率稳定度Frequency Stability：0.002%（用优于15ppm石英晶体锁定）\n发射功率 RF Power：30mW\n电流损耗 Cuttent Consumption：< 主波40dB\n制式Modulation Mode：调频FM\n调偏度Deviation Range：±20KHz\n压缩比Compress Ratio：2.1\n拾音器Microphone Head：超心型动圈式\n电池Battery Type：两节5号1.5V碱性电池\n天线 Anternna：外置式 Exterior Antenna\n频率响应 Frequency Response：50Hz ~ 15KHz\n有效距离Receiver distance：50米（理想环境下）","套",1,1850,1850]
[10,"一拖二头戴","KDLK","BN-T6","接收机 RECEIVER\n接收频率Frequency Ranges：UHF500-960MHz\n频率稳定度Frequency Stability：±0.002%（用优于15ppm石英晶体锁定）\n灵敏度Sensitivity（peak deviation）：10μV\n鄰道幹擾比F/N Ratio：>8odB\n鏡像干擾比P/N Ratio：>80dB\n信噪比S/N Ratio：>90dB\n扩展比Dilation Ratio：1：2\n音频输出AF Output Voltage（at peak deviation 1kHz AF out）：可调0 ~ 300mV\n接收频道Channels：2路 \n输出接口 Output jack：6.3不平衡混合口 \n电源电压Power Supply：DC 13V-500mA(50Hz\n功耗Power Supply：6W\n天线Antenna：外置天线\n动能范围Dynamic frequency range：>100dB\n综合失真T.H.D：<0.5%\n工作温度Temperature Range：-10℃ ~ 50℃\n\n发射机 TRANSMITTER\n发射频率Frequency Ranges： UHF500-960MHz\n频率稳定度Frequency Stability：0.002%（用优于15ppm石英晶体锁定）\n发射功率 RF Power：30mW\n电流损耗 Cuttent Consumption：< 主波40dB\n制式Modulation Mode：调频FM\n调偏度Deviation Range：±20KHz\n压缩比Compress Ratio：2.1\n拾音器Microphone Head：超心型电容式\n电池Battery Type：两节5号1.5V碱性电池\n天线 Anternna：外置式 Exterior Antenna\n频率响应 Frequency Response：50Hz ~ 15KHz\n有效距离Receiver distance：50米（理想环境下）\n\n由于产品在不断改良中，以上参数可能更改，恕不另行通知。\n上述产品图片可能与实物稍有差异，应以实物为准。","套",2,1850,3700]
[11,"辅材",null,null,"音箱头、莲花线、莲花转3.5等","批",1,200,200]
[12,"音箱线","高强信",null,"2.0平方","米",200,4,800]
[13,"航空机柜",null,null,"16U","台",1,950,950]
[14,{"$nulls":7},49884]
[null,"以上价格不含税不含运费"]

{"sheet":"JBL MRX系列配置","index":3,"n_rows":16,"n_cols":11,"rows_kept":16,"merged":[[0,0,0,1],[0,2,0,3],[0,5,0,6],[1,0,1,10],[3,0,3,9]],"flags":["formulas_cached_only"]}
["环球音响网",null,"www.pro001.com",null,"上海雍阳电子科技有限公司","021-60529679",null,null,"联系人：","陈茂"]
["襄樊单位演出音响"]
["序号","设备名称","品牌","型号","技术参数","单位","数量","单价","小计","类似图","备注"]
["一、音响系统"]
[1,"双十五音箱","JBL","MRX625","频率范围(-10分贝) 40 Hz - 20 kHz\n  频率响应(±3 dB) 57 Hz - 20 kHz\n  覆盖模式 70°×70°的名义\n  交叉模式 被动\n  交叉频率 1.8千赫\n  额定功率\n(连续/程序/峰) 800 W / 1600 W / 3200 W、2小时\n700 W / 1400 W / 700 W、1400小时\n  最大SPL 129分贝连续峰值(135分贝)\n  系统灵敏度(1 w @ 1米) 100分贝\n  如果司机 2 x tl 265 h 380毫米(15)差动驱动®低音\n  高频驱动程序 1 x tl 2408 h 37.5毫米(1.5英寸)环状聚合物隔膜,钕压缩驱动程序\n  标称阻抗 4欧姆\n  外壳 梯形、15/18mm胶合板\n  暂停/安装 12分(3,3,2每一方,2后方),M10硬件线程\n  运输 2 x压铸处理支持下杯\n  完成 黑色多耐福扣具™完成\n  格栅 粉末涂层,黑色,16日规穿孔钢与听觉上透明的黑色屏幕支持\n  输入连接器 Neutrik®Speakon®NL-4(x2),一个在每个结束\n  维度(H x W x D) 1240 mm x 535 mm x 460 mm(48.75 x 21.0 x 18.0)\n  净重 38.7公斤(85磅)","只",2,8580,17160]
[2,"12寸返听音响","JBL","MRX612M"," 频率范围(-10分贝) 60 Hz - 20 kHz\n  频率响应(±3 dB) 90赫兹- 20 KHz\n  覆盖模式 70°×70°的名义\n  交叉模式 被动\n  交叉频率 1.7千赫\n  额定功率\n(连续/程序/峰) 400 W / 800 W / 1600 W、2小时\n350 W / 700 W / 350 W、700小时\n  最大SPL 123分贝连续峰值(129分贝)\n  系统灵敏度(1 w @ 1米) 97分贝\n  如果司机 1 x tl 262 h 305毫米(12英寸)的差动传动®低音扬声器\n  高频驱动程序 1 x tl 2408 h 37.5毫米(1.5英寸)环状聚合物隔膜,钕压缩驱动程序\n  标称阻抗 8欧姆\n  外壳 对称阶段监视、15/18毫米胶合板\n  暂停/安装 13分(3,3,2每侧3后方),M10线程硬件;双角,35毫米极插座\n  运输 综合处理/输入杯\n  完成 黑色多耐福扣具™完成\n  格栅 粉末涂层,黑色,16-gauge穿��钢与听觉上透明的黑色屏幕支持。\n  输入连接器 Neutrik®Speakon®NL-4(x2),一个在每个结束\n  维度(H x W x D) 645 mm x 380 mm x 345 mm(25.25 x 15.0 x 13.5)\n  净重 15.4公斤(34磅)\n  可选配件 SS2-BK:三脚架演讲者站\nSS3-BK:卫星议长","只",2,5628,11256]
[3,"主音箱功放","天工","LA1200"," 立体声功率:2×1200W,1KHz0.1 THD 4Ω:2×2000W ,桥按功率:3600W ,1KHz0.1 THD 4Ω:5800W,信噪比:120db 转换率:80V/μS,阻尼系数:620:1,频响:+/-0.1db,20Hz+20KHZ ","台",1,3450,3450]
[4,"返听音箱功放","天工","LA600","输出功率 立体声8Ω+8Ω：2×600W，输出功率立体4Ω+4Ω：2×900W输出功率 桥接方式8Ω：1800W 频率响应：20Hz－20kHz阻抗：20KΩ，输入灵敏度：0.775V，1.0V,1.55V ，信噪比：>105dB，阻尼系数（8Ω）：>300，供电电源：220V/AC/50Hz，","台",1,1900,1900]
[5,"数字调音台","YAMAHA","01V96i","16进16出现场录音调音台","台",1,13445,13445]
[6,"手持话筒","SENNHEISER","EW115G3","单手持动圈（心型）","套",4,3680,14720]
[7,"一拖二头戴","咪宝","MR823V(领夹))","载波频段:UHF760-950MHZ,CPU控制自动选讯接收,PLL相位锁定频率合成","套",2,1552,3104]
[8,"辅材",null,null,"音箱头、莲花线、莲花转3.5等","批",1,200,200]
[9,"音箱线","高强信",null,"2.0平方","米",200,4,800]
[10,"航空机柜",null,null,"16U","台",1,950,950]
[11,{"$nulls":7},66985]
[null,"以上价格不含税不含运费"]

{"sheet":"JBL MRX系列配置2","index":4,"n_rows":16,"n_cols":11,"rows_kept":16,"merged":[[0,0,0,1],[0,2,0,3],[0,5,0,6],[1,0,1,10],[3,0,3,9]],"flags":["formulas_cached_only"]}
["环球音响网",null,"www.pro001.com",null,"上海雍阳电子科技有限公司","021-60529679",null,null,"联系人：","陈茂"]
["小型室外演出音响"]
["序号","设备名称","品牌","型号","技术参数","单位","数量","单价","小计","类似图","备注"]
["一、音响系统"]
[1,"双十五音箱","JBL","MRX625","频率范围(-10分贝) 40 Hz - 20 kHz\n  频率响应(±3 dB) 57 Hz - 20 kHz\n  覆盖模式 70°×70°的名义\n  交叉模式 被动\n  交叉频率 1.8千赫\n  额定功率\n(连续/程序/峰) 800 W / 1600 W / 3200 W、2小时\n700 W / 1400 W / 700 W、1400小时\n  最大SPL 129分贝连续峰值(135分贝)\n  系统灵敏度(1 w @ 1米) 100分贝\n  如果司机 2 x tl 265 h 380毫米(15)差动驱动®低音\n  高频驱动程序 1 x tl 2408 h 37.5毫米(1.5英寸)环状聚合物隔膜,钕压缩驱动程序\n  标称阻抗 4欧姆\n  外壳 梯形、15/18mm胶合板\n  暂停/安装 12分(3,3,2每一方,2后方),M10硬件线程\n  运输 2 x压铸处理支持下杯\n  完成 黑色多耐福扣具™完成\n  格栅 粉末涂层,黑色,16日规穿孔钢与听觉上透明的黑色屏幕支持\n  输入连接器 Neutrik®Speakon®NL-4(x2),一个在每个结束\n  维度(H x W x D) 1240 mm x 535 mm x 460 mm(48.75 x 21.0 x 18.0)\n  净重 38.7公斤(85磅)","只",2]
[2,"12寸返听音响","JBL","MDD 212M","内设高音保护器,二分频,12\"舞台反送或主音箱,250W,90*50号角，35mm底部插座孔","只",2]
[3,"主音箱功放","天工","LA1200"," 立体声功率:2×1200W,1KHz0.1 THD 4Ω:2×2000W ,桥按功率:3600W ,1KHz0.1 THD 4Ω:5800W,信噪比:120db 转换率:80V/μS,阻尼系数:620:1,频响:+/-0.1db,20Hz+20KHZ ","台",1]
[4,"返听音箱功放","天工","LA400","输出功率 立体声8Ω+8Ω：2×800W，输出功率立体4Ω+4Ω：2×1100W输出功率 桥接方式8Ω：2000W 频率响应：20Hz－20kHz阻抗：20KΩ，输入灵敏度：0.775V，1.0V,1.55V ，信噪比：>105dB，阻尼系数（8Ω）：>300，供电电源：220V/AC/50Hz，","台",1]
[5,"数字调音台","YAMAHA","01V96i","16进16出现场录音调音台","台",1]
[6,"手持话筒","SENNHEISER","XSW 35","配备SKM35心型动圈手持续话筒，EM10接收机，SK20腰包发射机，NT2-3接收外置电源","套",4]
[7,"一拖二头戴","咪宝","MR823V(领夹))","载波频段:UHF760-950MHZ,CPU控制自动选讯接收,PLL相位锁定频率合成","套",2]
[8,"辅材",null,null,"音箱头、莲花线、莲花转3.5等","批",1]
[9,"音箱线","高强信",null,"2.0平方","米",200]
[10,"航空机柜",null,null,"16U","台",1]
[11,{"$nulls":7},0]
[null,"以上价格不含税不含运费"]